000 00452nam a22001697a 4500
003 NUST - PNEC
005 20170116180905.0
008 150902b xxu||||| |||| 00| 0 eng d
020 _a0134838920
040 _cLIBRARY
082 _a620.106 OLS
100 _96555
_aOlson A.T
245 _a Introduction to fluid flow and the transfer of heat and mass
_cA. T.Olson
260 _cc.1897
650 _96554
_aMass transfer
_xME. IME
942 _2ddc
_cBK
999 _c65052
_d65052